<The> Path towards economic and monetary integration: the Portuguese experience

Začiatok portugalského ekonomického a finančného integračného procesu v roku 1960. Hospodárska situácia pred vstupom do Európskej únie. Prechodné obdobie a jednotný trh. Obdobie nominálnej konvergencie v rokoch 1990 -1997. Prijatie eura v roku 1999.

Gespeichert in:
Bibliographische Detailangaben
1. Verfasser: Amador, João
Format: Buchkapitel
Sprache:Englisch
Schlagworte:
Tags: Tag hinzufügen
Keine Tags, Fügen Sie das erste Tag hinzu!

MARC

LEADER 00000naa$a2200000$$$4500
001 0001675
005 20231004102614.8
041 0 |a eng 
044 |a CZ 
245 1 0 |a <The> Path towards economic and monetary integration: the Portuguese experience  |c aut. João Amador 
520 |a Začiatok portugalského ekonomického a finančného integračného procesu v roku 1960. Hospodárska situácia pred vstupom do Európskej únie. Prechodné obdobie a jednotný trh. Obdobie nominálnej konvergencie v rokoch 1990 -1997. Prijatie eura v roku 1999. 
610 2 0 |a Portugalsko 
610 2 0 |a Európska únia 
610 2 0 |a integrácia ekonomická medzinárodná 
610 2 0 |a integrácia menová 
610 2 0 |a ukazovatele makroekonomické 
610 2 0 |a konvergencia 
100 1 |a Amador, João